| 000 | 00674nam a22002057a 4500 | ||
|---|---|---|---|
| 942 | _cBK | ||
| 999 |
_c621 _d621 |
||
| 005 | 20250420134818.0 | ||
| 008 | 200813b ||||| |||| 00| 0 eng d | ||
| 020 | _a9781466381520 | ||
| 040 | _cKCST | ||
| 082 |
_a005.1 _bFo Di |
||
| 100 |
_aFox, J. Ronald (John Ronald) _d1929- _95102 |
||
| 245 |
_aDigital work in an analog world : _bimproving software engineering through applied psychology / _cJohn R Fox |
||
| 260 |
_aMinneapolis, Minnesota : _bStudio City Media Endeavors, _c2011. |
||
| 300 | _a266 p. | ||
| 650 |
_aSoftware engineering. _9506 |
||
| 650 |
_aComputer programmers _vPsychology. _95103 |
||
| 650 |
_aComputers and IT. _9465 |
||
| 942 | _2ddc | ||